Analýza projektov pomocou metód sieťovej analýzy bakalárska práca

Salvato in:
Dettagli Bibliografici
Autore principale: Chládeková, Marcela
Ente Autore: Fakulta hospodárskej informatiky EU. Katedra operačného výskumu a ekonometrie
Altri autori: Pekár, Juraj, 1972-
Natura: Libro
Lingua:slovacco
Pubblicazione: Bratislava 2012
Tags: Aggiungi Tag
Nessun Tag, puoi essere il primo ad aggiungerne!!

MARC

LEADER 00000nbm a2200000 4500
001 0175421
005 20170314101805.7
041 0 |a slo 
044 |a SK 
245 1 0 |a Analýza projektov pomocou metód sieťovej analýzy  |b bakalárska práca  |c Marcela Chládeková ; školiteľ: Juraj Pekár 
264 1 |a Bratislava  |c 2012 
300 |a 34 s. 
100 1 |a Chládeková, Marcela 
700 1 |a Pekár, Juraj, 1972- 
710 2 |a Fakulta hospodárskej informatiky EU. Katedra operačného výskumu a ekonometrie